=LDR 00000nam 2200000 4500 =001 INLIS000000000036588 =005 20151028210846.0 =006 =007 =008 Ind =035 ##$$0010-061300000036588 =041 ##$$a Ind =082 ##$$a 813 =090 ##$$a 813, Suk d =100 ##$$a Sukanto, Putu Oka =245 ##$$a Di atas siang di bawah malam, sketsa perempuan dan renungan seorang eksfapol, Putu Oka Sukawa =260 ##$$a 2011 $b Jakarta =300 ##$$a 92 hlm, 20cm =650 ##$$a Fiksi Indonesia =850 ##$$a NBPNMAT =990 ##$$a 2090100741/BPAP-NTB/2015